000 00387nam a2200169Ia 4500
003 OSt
005 20240215103733.0
008 170619s9999 xx 000 0 und d
020 _a007460225X
040 _cIIMT ENGINEERING COLLEGE
100 _aMahajan M
245 0 _aElectricity & Magnetism
260 _bNew Delhi: TMH
260 _c2000
546 _aENGLISH
942 _2ddc
_c02
999 _c16174
_d16174